000 00803nam a2200265Ia 4500
003 OSt
005 20220925193848.0
006 a|||||r|||| 00| 0
007 ta
008 220923b |||||||| |||| 00| 0 eng d
020 _a0521232341
037 _cGeneral Book
040 _aRTL
_cRTL
_beng
041 _2eng
_aeng
082 _aT4:3(A).53.N14<--M08, M0
100 _aFox Robert Ed.
_9233904
245 0 _aOrganization of science and technology in France 1
260 _aCambridge
_bCambridge University Press
_c1980
300 _ax,355p.
_ccm.
500 _aBib p. 33-41
650 _aUniversity Education
700 _a Weisz George Ed.
_9249624
942 _hT4:3(A).53.N14<--M08, M0
_cGB
_2CC
999 _c527386
_d527386